000 00520nam a22001697a 4500
003 PILC
005 20150902092328.0
008 130214t xxu||||| |||| 00| 0 eng d
020 _a9710867687
050 _aKA 645.L512
_b.B456 2009
082 _aFil 349.7303
_bB45 2007
100 _aBernardo, Oscar B.
_929222
245 _aBernardo's dictionary of legal terms and legal maxims /
_cOscar B. Bernardo .
260 _aMandaluyong City :
_bNational Book Store,
_c2009.
300 _a174 pages ;
_c23 cm.
942 _2lcc
_cBK
999 _c14967
_d14967